Normal view
MARC view
Entry Nombre personal
001 - NÚMERO DE CONTROL
- campo de control: 66886
003 - IDENTIFICADOR DEL NÚMERO DE CONTROL
- campo de control: CHAP
005 - FECHA Y HORA DE LA ÚLTIMA TRANSACCIÓN
- campo de control: 20241105121911.0
008 - DATOS DE LONGITUD FIJA
- campo de control de longitud fija: 040217|| aznnnabb| un and |u
040 ## - FUENTE DE LA CATALOGACIÓN
- Centro catalogador/agencia de origen: mxchpua
- Centro/agencia transcriptor: CHAP
100 00 - ENCABEZAMIENTO-NOMBRE DE PERSONA
- Nombre de persona: Limón Ortega, Agustín
